Online
Catalog
Normal view MARC view

Entry Nombre corporativo

Number of records used in: 8

001 - NÚMERO DE CONTROL

  • campo de control: 10188

003 - IDENTIFICADOR DEL NÚMERO DE CONTROL

  • campo de control: OSt

005 - FECHA Y HORA DE LA ÚLTIMA TRANSACCIÓN

  • campo de control: 20211025102912.0

008 - DATOS DE LONGITUD FIJA

  • campo de control de longitud fija: 200615|| aca||aabn | a|a d

040 ## - FUENTE DE LA CATALOGACIÓN

  • Centro catalogador/agencia de origen: OSt
  • Centro/agencia transcriptor: OSt

110 2# - ENCABEZAMIENTO-NOMBRE DE ENTIDAD CORPORATIVA

  • Nombre de entidad corporativa o nombre de jurisdicción como elemento de entrada: Corporación Dominicana de Empresas Eléctricas Estatales

410 1# - TRAZADO DE VÉASE--NOMBRE DE ENTIDAD CORPORATIVA

  • Nombre de entidad corporativa o nombre de jurisdicción como elemento de entrada: República Dominicana.
  • Unidad subordinada: Corporación Dominicana de Empresas Eléctricas Estatales

410 1# - TRAZADO DE VÉASE--NOMBRE DE ENTIDAD CORPORATIVA

  • Nombre de entidad corporativa o nombre de jurisdicción como elemento de entrada: CDEEE

670 ## - FUENTE DE DATOS ENCONTRADOS

  • Cita de la fuente: Rodríguez Taveras, Ramón Isidro 10182, Presas y centrales hidroeléctricas en República Dominicana /, 2004.

670 ## - FUENTE DE DATOS ENCONTRADOS

  • Cita de la fuente: República Dominicana. Reglamento de la Corporación Dominicana de Empresas Eléctricas Estatales, 2004:

Powered by Koha